Totalita, autorita a moc v proměnách času a prostoru

Titel: Totalita, autorita a moc v proměnách času a prostoru / Katedra Antropologie, Fakulta Filozofická Západočeské Univerzity, Plzeň. Ed. Ivo T. Budil a Tereza Zíková
Beteiligt:
Körperschaft:
Ausgabe: 1. vyd.
Veröffentlicht: Plzeň, 2007
Umfang: 187 Seiten : Illustrationen
Format: Buch
Sprache: Tschechisch
Schriftenreihe/
mehrbändiges Werk:
Totalitarismus ; 3
Schlagworte:
ISBN: 9788087025154 ; 8087025156
Buchumschlag
X
Lokale Klassifikation: 1 7 U ; 1 7 M ; 31 7 M ; 3 7 L ; 3 7 M ; 22 7 V ; 24 7 V ; 24 7 N
alg: 22561872
001A    $03004:28-07-10 
001B    $06062:25-10-23 $t07:45:22.000 
001D    $01999:28-07-10 
001U    $0utf8 
001X    $00 
002@    $0Aay 
002C    $aText $btxt $2rdacontent 
002D    $aohne Hilfsmittel zu benutzen $bn $2rdamedia 
002E    $aBand $bnc $2rdacarrier 
003@    $0225618729 
004A    $A978-80-87025-15-4 
004A    $080-87025-15-6 
007A    $0225618729 $aHEB 
007G    $0DE0203DCAF226668B5005C12578B60034A3A4 
007T    $0Herdhh225618729 
009P    $qapplication/pdf $A2 $3Inhaltsverzeichnis $uhttp://scans.hebis.de/HEBCGI/show.pl?22561872_toc.pdf $mV:DE-603;B:DE-Mb50 
010@    $acze 
011@    $a2007 
013D    $#Beiträge Formschlagwort $#Einzelbeiträge $#Sammelwerk Formschlagwort $74143413-4 $8Aufsatzsammlung [Ts1] $9085562742 
021A    $aTotalita, autorita a moc v proměnách času a prostoru $hKatedra Antropologie, Fakulta Filozofická Západočeské Univerzity, Plzeň. Ed. Ivo T. Budil a Tereza Zíková 
028C    $#Budil, Ivo $7141017066 $8Budil, Ivo T$Z1965- [Tp3] $9222377178 
029F    $RZápadočeská univerzita v Plzni $#Západočeská Univerzita, Fakulta Filozofická, Katedra Antropologických a Historických Věd Pilsen $#Katedra Antropologických a Historických Věd Pilsen $716076054-9 $8Západočeská Univerzita$gPilsen$bKatedra Antropologických a Historických Věd [Tb1] $9225722275 
032@    $a1. vyd. 
033A    $pPlzeň 
034D    $a187 Seiten 
034M    $aIllustrationen 
036E    $aTotalitarismus $l3 
044K    $qDNB $#Abendland $#Okzident $74015701-5 $8Europa [Tgz] $908503617X 
044K    $qDNB $#Totalitarianism $#Totalitarisme $#Totalitarismo $#Totalitarismo $#Totalitarismus $#Totaler Staat $#Totalitärer Staat $74060491-3 $8Totalitarismus [Ts1] $9085167908 
045F    $a909 $eDDC23BSB 
045F/01 $a909 
045F/03 $g4373 
045F/03 $g47 
045F/03 $g437 
045F/03 $g43 
045G    $a900.94309041 $eDDC23BSB 
045G/01 $a900 
045G/03 $f09041 
045G/03 $f09042 
045G/03 $f09043 
045G/03 $f09044 
045G/03 $g43 
045G/03 $g4373 

lok: 22561872 24
101B    $028-07-10 $t14:19:17.000 
101C    $028-07-10 
101U    $0utf8 
145Z/01 $a1 7 U 
145Z/02 $a1 7 M 
145Z/03 $a31 7 M 
145Z/04 $a3 7 L 
145Z/05 $a3 7 M 
145Z/06 $a22 7 V 
145Z/07 $a24 7 V 
145Z/08 $a24 7 N 

exp: 22561872 24 1 #EPN
201B/01 $028-07-10 $t14:19:17.000 
201C/01 $028-07-10 
201U/01 $0utf8 
203@/01 $0596702523 
208@/01 $a28-07-10 $bz 
209A/01 $a10.3690 $du $f050 $h10 3690 $x00 
209C/01 $a10.3690 K $h10 3690 K 
209G/01 $a72578848 $x00 
220C/01 $akon 
247C/01 $8358050-7 Marburg, Bibliothek des Herder-Instituts Marburg $9102600961 

lok: 22561872 78

exp: 22561872 78 1 #EPN
201B/01 $026-11-17 $t00:27:25.000 
201U/01 $0utf8 
203@/01 $079455007X 
208@/01 $a12-11-16 $be 
209A/01 $a/ $f000 $x00 
220C/01 $aAnmerkung: *ng 
237A/01 $aweiterführende Signatur(en): Herder-Institut: 10.3690 
244Z/01 $2Trx $#Kesk- ja Ida- Euroopa kontseptsioonid $#Vidurio Europos koncepcijos $#East-Central Europe $#Keletközépeurópa-eszmék $#Europa Środkowo-Wschodnia koncepcje $#Európa stredovýchodná koncepcie $#Evropa střední, východní část koncepce $#Mitteleuropa $#Osteuropakonzeptionen $#Europa Środkowa koncepcje $#Stredná Európa koncepcie $#Střední Europa koncepce $8--Trx--Ostmitteleuropakonzeptionen $x01 $9391364286 
244Z/01 $#Tschechien $#Tschechische Republik $#Tschechische Republik $#Tschechenland $#Tschechei Tschechien $#Česká Republika $#Czech Republic $#ČR $74303381-7 $8--Tg1--Tschechien $x02 $9086659812 
244Z/01 $2Trx $#Böhmen $#Bohemia $#Czechy $8--Trx--Čechy $x03 $9391188941 
244Z/01 $2Trx $#Slowakische Republik $#Szlovák Köztársaság $#Republika Słowacka $#Slovenská Republika $#Slovensko $#Slowakei $#Słowacja $#Slovensko $8--Trx--Slovenská Republika $x04 $9391345796 
244Z/01 $2Trx $#totalitarism $#totalitarizmas $#totalitarianism $#totalitarizmus $#totalitaryzm $#totalitarizmus $#totalitarismus $#Diktaturen $#dyktatury $#diktatúry $#diktatury $8--Trx--Totalitarismus $x05 $9391354760 
244Z/01 $2Trx $#dzieło zbiorowe $8--Trx--Sammelwerk $x06 $9391384597 
245Z/01 $a07.04 $x01 
247C/01 $82080>Marburg/Lahn, Herder-Institut, Forschungsbibliothek, Bibliographieportal $9336309341
LEADER 00000cam a22000002c 4500
001 225618729
003 DE-603
005 20231025074522.0
007 tu
008 100728s2007 xx |||| | u00||u|cze c
020 |a 9788087025154 
020 |a 8087025156 
035 |a (DE-599)HEB225618729 
040 |a DE-603  |b ger  |c DE-603  |d DE-603 
041 |a cze 
082 0 4 |8 1\u  |a 909  |q DE-101  |2 23/BSB 
083 0 |8 2\u  |a 900.94309041  |q DE-101  |2 23/BSB 
085 |8 1\u  |b 909 
085 |8 1\u  |z 2  |s 4373 
085 |8 1\u  |z 2  |s 47 
085 |8 1\u  |z 2  |s 437 
085 |8 1\u  |z 2  |s 43 
085 |8 2\u  |b 900 
085 |8 2\u  |z 1  |s 09041 
085 |8 2\u  |z 1  |s 09042 
085 |8 2\u  |z 1  |s 09043 
085 |8 2\u  |z 1  |s 09044 
085 |8 2\u  |z 2  |s 43 
085 |8 2\u  |z 2  |s 4373 
245 0 0 |a Totalita, autorita a moc v proměnách času a prostoru  |c Katedra Antropologie, Fakulta Filozofická Západočeské Univerzity, Plzeň. Ed. Ivo T. Budil a Tereza Zíková 
250 |a 1. vyd. 
264 1 |a Plzeň  |c 2007 
300 |a 187 Seiten  |b Illustrationen 
336 |a Text  |b txt  |2 rdacontent 
337 |a ohne Hilfsmittel zu benutzen  |b n  |2 rdamedia 
338 |a Band  |b nc  |2 rdacarrier 
490 0 |a Totalitarismus  |v 3 
650 7 |a Totalitarismus  |0 (DE-588)4060491-3  |0 (DE-603)085167908  |2 gnd 
651 7 |a Europa  |0 (DE-588)4015701-5  |0 (DE-603)08503617X  |2 gnd 
655 7 |a Aufsatzsammlung  |2 gnd-content  |0 (DE-588)4143413-4  |0 (DE-603)085562742 
700 1 |a Budil, Ivo T  |d 1965-  |0 (DE-603)222377178  |0 (DE-588)141017066  |2 gnd 
710 2 |a Západočeská Univerzita  |g Pilsen  |b Katedra Antropologických a Historických Věd  |0 (DE-603)225722275  |0 (DE-588)16076054-9  |2 gnd 
856 4 2 |m V:DE-603;B:DE-Mb50  |q application/pdf  |u http://scans.hebis.de/HEBCGI/show.pl?22561872_toc.pdf  |3 Inhaltsverzeichnis 
924 0 |9 Mb 50  |a (DE-603)596702523  |b DE-Mb50  |c HES  |d c  |g 10.3690 
924 0 |9 2080  |a (DE-603)79455007X  |b DE-2080  |c HES  |d d  |g /